000 00667nam a22002417a 4500
003 UA-OsUOA
001 129339
007 ta
008 20180227b un ||||| |||| 00| 0 ukr d
100 _aЗаставська К.
090 _a821.161.2
_bЗ-36
942 _cBK
040 _aUA-OsUOA
_bukr
_cUA-OsUOA
_dUA-OsUOA
245 _aSTEK. Мережива життя
_bроман
300 _a307 с.
955 _a3
041 _aukr
080 _a821.161.2
020 _a978-617-7398-10-2
260 _aК.
_bУкраїнський пріоритет
_c2016
650 7 _a82 Література. Літературознавство
_2UDC
999 _c415460
_d415460